Statystyki dla Worms Armageddon [PC] - Lista Broni

Kliknij tutaj aby rozwiązać quiz!

Ogólne statystyki

  • Ten quiz został rozwiązany 169 razy
  • Średni wynik to 19 z 63

Statystyki odpowiedzi

HintOdpowiedź% Poprawnych
F2Granat
92%
F1Bazooka
88%
F9Święty Granat
81%
F5Owca
78%
F2Bomba Bananowa
68%
F8Lina
64%
F3Strzelba
62%
F5Wodna Owca
61%
F5Dynamit
57%
F3Uzi
56%
F11Staruszka
54%
F4Kamikadze
50%
F7Kij Baseballowy
50%
F5Mina
50%
F3Pistolet
48%
F4Ognista pięść
43%
InnePlecak Odrzutowy
38%
F1Pocisk Samonaprowadzający
38%
F11Armageddon
37%
F11Betonowy Osioł
35%
F1Moździerz
35%
F8Teleportacja
35%
F7Palnik
34%
F8Spadochron
32%
F3Minignat
30%
F1Gołąb Samonaprowadzający
29%
F10Koktajl Mołotowa
29%
F7Młot Pneumatyczny
29%
F4Szturchaniec
29%
F11Szalona Krowa
25%
F7Belka
24%
F5Krecia Bomba
24%
F9Miotacz Ognia
24%
F10Skunks
23%
F2Bomba Kasetowa
22%
F3Łuk
22%
F6Atak powietrzny
21%
F2Trzęsienie Ziemi
21%
F10Nalot Dywanowy
19%
F8Bungee
18%
F9Super Bomba Bananowa
18%
F4Smocza Kula
16%
F2Topór
15%
InneNiska Grawitacja
13%
F10Waza Ming
13%
F4Samobójca
12%
F6Atak Pocztowy
11%
F6Atak Napalmowy
10%
F12Zamrożenie
10%
F12Magiczny Pocisk
9%
F11Test Nuklearny
9%
F12Wybór Robala
9%
F1Miotacz Owiec
8%
F9Armia Zbawienia
7%
F6Atak Minowy
7%
InneCelownik Laserowy
7%
InneNiewidzialność
7%
F8Szale Sprawiedliwości
7%
F6Szwadron Kretów
7%
F7Zestaw Belek
7%
F9Bomba Megabajtowa
6%
InneSzybkie Chodzenie
4%
F10Bombardowanie Owcami
1%

Rozkład punktacji

Percentyl według liczby udzielonych odpowiedzi

Procent ludzi z każdym wynikiem

Twoja historia wyników

Nie rozwiązałeś tego quizu